ბათუმის შოთა რუსთაველის სახელმწიფო უნივერსიტეტის ბიბლიოთეკა

თხზულებანი : 12 ტომად. ტ. 10, ქართული და კავკასიური ენების თავდაპირველი ბუნება და ნათესაობა / (ბიბ.ჩანაწერი № 56589)

000 -ლიდერი
ფიქსირებული სიგრძის საკონტროლო ველი 01763nam a2200277Ia 4500
001 - საკონტროლო ნომერი
საკონტროლო ველი 23703
003 - საკონტროლო ნომრის იდენტიფიკატორი
საკონტროლო ველი GE_BSU
005 - ბოლო ოპერაციის თარიღი და დრო
საკონტროლო ველი 20260406173426.0
008 - ფიქსირებული სიგრძის მონაცემთა ელემენტები - ზოგადი ინფორმაცია
ფიქსირებული სიგრძის საკონტროლო ველი 181216s1992||||ge |||||||||||||| ||geo||
040 ## - კატალოგიზაციის წყარო
Transcribing agency GE_BSU
041 ## - ენის კოდი
Language code of text/sound track or separate title geo
080 ## - უნივერსალური ათობითი კლასიფიკაციის ინდექსი
Universal Decimal Classification number 930(479.22) + 94(479.22) + 811.353.1 ჯ-14
100 ## - მთავარი ჩანაწერი - პიროვნების სახელი
Personal name ჯავახიშვილი, ი. (ივანე, 1876-1940)
9 (RLIN) 11800
245 ## - ცნობა სათაურის შესახებ
Title თხზულებანი : 12 ტომად. ტ. 10, ქართული და კავკასიური ენების თავდაპირველი ბუნება და ნათესაობა /
Statement of responsibility, etc ივანე ჯავახიშვილი ; მთ. რედ. შ. ლორთქიფანიძე ; ტომის რედ. ა. ჩიქობავა , ქ. ლომთათიძე. საქ. სსრ მეცნ. აკადემია.
264 ## - წარმოების, გამოცემის, დისტრიბუციის და სხვა ცნობები
გამოცემის, წარმოების, დისტრიბუციის... ადგილი თბილისი :
გამოცემის, წარმოების, დისტრიბუციის... სახელწოდება მეცნიერება,
გამოცემის, წარმოების, დისტრიბუციის... თარიღი 1992.
300 ## - ფიზიკური აღწერა
Extent 768 გვ.
Other physical details ილ. ;
Dimensions 26 სმ.
500 ## - ზოგადი შენიშვნა
General note საძიებ. გვ. 629-753
653 ## - INDEX TERM--UNCONTROLLED
Uncontrolled term თხზულებანი : 12 ტომად ტ. 10
653 ## - INDEX TERM--UNCONTROLLED
Uncontrolled term ქართული და კავკასიური ენების თავდაპირველი ბუნება და ნათესაობა
700 ## - ADDED ENTRY--PERSONAL NAME
Personal name მთ. რედ. შ. ლორთქიფანიძე ; , .
9 (RLIN) 27257
700 ## - ADDED ENTRY--PERSONAL NAME
Personal name ჩიქობავა, ა.
Relator term ტომის რედაქტორი
9 (RLIN) 27258
700 ## - ADDED ENTRY--PERSONAL NAME
Personal name ქ. ლომთათიძე.
Relator term ტომის რედაქტორი
9 (RLIN) 27259
710 ## - ADDED ENTRY--CORPORATE NAME
Corporate name or jurisdiction name as entry element საქ. სსრ მეცნ. აკადემია
9 (RLIN) 27260
942 ## - ADDED ENTRY ELEMENTS (KOHA)
Koha item type წიგნი
Source of classification or shelving scheme
ეგზემპლარები
ჩამოწერის სტატუსი დაკარგული ეგზემპლარის სტატუსი კლასიფიკაციის წყარო ან თაროზე გაწყობის სქემა დაზიანების სტატუსი არ გაიცემა მუდმივი მდებარეობა (დაცვის ადგილი) ამჟამინდელი ადგილსამყოფელი თაროზე განთავსების ადგილი შეძენის თარიღი ღირებულება, შესყიდვის ნორმალური ფასი სრული შენახვის შიფრი შტრიხკოდი ბოლო ოპერაციის თარიღი ეგზემპლარის მიმდევრობითი ნომერი (კეტერი?) ფასის ძალაში შესვლის თარიღი ეგზემპლარის სახეობა საჯარო შენიშვნა
          ბათუმის შოთა რუსთაველის სახელმწიფო უნივერსიტეტის მთავარი ბიბლიოთეკა ბათუმის შოთა რუსთაველის სახელმწიფო უნივერსიტეტის მთავარი ბიბლიოთეკა წიგნსაცავი 2018-12-17 50.00 930(479.22) + 94(479.22) + 811.353.1 ჯ-14 28533 2018-12-17 28533 2018-12-17 წიგნი 50.00 ₾.